Management of a Sales Force (Record no. 2202)

MARC details
000 -LEADER
fixed length control field 00397nam a22001697a 4500
005 - DATE AND TIME OF LATEST TRANSACTION
control field 20160531093538.0
008 - FIXED-LENGTH DATA ELEMENTS--GENERAL INFORMATION
fixed length control field 160531b xxu||||| |||| 00| 0 eng d
020 ## - INTERNATIONAL STANDARD BOOK NUMBER
ISBN 0-07-058511-33
041 ## - LANGUAGE CODE
Language code of text/sound track or separate title eng
082 ## - DEWEY DECIMAL CLASSIFICATION NUMBER
Item number 6215
100 ## - MAIN ENTRY--AUTHOR NAME
Personal name Spiro, Rosann L and others
245 ## - TITLE STATEMENT
Title Management of a Sales Force
260 ## - PUBLICATION, DISTRIBUTION, ETC. (IMPRINT)
Name of publisher TMH
Year of publication 2004
300 ## - PHYSICAL DESCRIPTION
Number of Pages 546
650 ## - SUBJECT ADDED ENTRY--TOPICAL TERM
Topical Term Management
942 ## - ADDED ENTRY ELEMENTS (KOHA)
Koha item type Books
Holdings
Lost status Damaged status Collection code Home library Current library Shelving location Date acquired Cost, normal purchase price Full call number Accession Number Koha item type
    MANAGEMENT JRU Library JRU Library SHELF- 67 K 31/05/2016 325.00 6215 6215 Books
    MANAGEMENT JRU Library JRU Library SHELF- 67 K 31/05/2016 325.00 6215 6216 Books
    MANAGEMENT JRU Library JRU Library SHELF- 67 K 31/05/2016 325.00 6215 6217 Books